Summary of NH DMV Manual - Statistics

General Stats
  • This quiz has been taken 1 time
  • The average score is 36 of 98
Answer Stats
Hint Answer % Correct
under 21 BAC 0.02%
100%
Adult BAC 0.08%
100%
signal at least ___ feet before making a turn 100
100%
passing is not allowed within ___ feet from an intersection 100
100%
park ___ feet from fire hydrant 15
100%
Motocycle helmet mandatory for ages under ___. 18
100%
you must be ___ years old to hold a CDL 18
100%
Seat belt mandatory for ages under ___. 18
100%
Youth Operator (GDL) must not drive between ___. 1am and 4am
100%
park ___ feet from crosswalk 20
100%
Brakes must stop vehicle going ___ mph within ___ feet. 20; 30
100%
you must be ___ years old to drive on the Interstate with a CDL 21
100%
Your license is valid until you are ___ years old. 21
100%
Legal tread depth 2/32 of an inch
100%
stop at least ___ feet from a school bus flashing red lights 25
100%
park ___ feet from stop sign or intersection 30
100%
speed limit in urban districts 30 mph
100%
the average reaction time is ___ from the moment you see danger to when brake is applied 3/4 of a second
100%
speed limit in rural residential districts 35 mph
100%
Use the ___ for following distance 4 second rule
100%
follow emergency vehicles no closer than ___ feet. 500
100%
BAC blood alcohol concentration
100%
feet traveled by vehicle once brakes applied to stop braking distance
100%
time it takes for vehicle to stop braking time
100%
CDL commercial driver's license
100%
alcohol is a ___ depressant
100%
___ begins at speeds as slow as 35 mph hydroplaning
100%
___ is affected first by alcohol judgement
100%
___ turning traffic must yield to oncoming traffic left
100%
You can only hold ___ valid driver's license. one
100%
you must report the hitting of a dog/cat to ___ or ___ owner; police
100%
___ in crosswalks have the right of way pedestrians
100%
octagon sign stop
100%
only ___ will sober you up time
100%
a legal document showing ownership of vehicle title
100%
___ to funeral processions yield
100%
Headlights must be on from ___ 1/2 hour after sunset and 1/2 hour before sunrise
0%
No title needed for registration for vehicles older than ___ years (unless you want to sell it). 15
0%
dim lights ___ feet when following or when approaching other vehicles 150
0%
must not stop closer than ___ feet and no more than ___ feet from a railroad crossing 15; 50
0%
report any accident within ___ days if injury and/or damage is over $1000 (not necessary if ___) 15; police file a report
0%
insurance is mandatory until after ___ 18
0%
Youth Operator (GDL) can transport only 1 non-family member in the ___. 1st 6 months
0%
park ___ feet from fire station when on same side 20
0%
parked car must be visible from ___ feet in both directions if stopped on side of a road 200
0%
alcohol affects the brain in ___ minutes 20-40
0%
Vision line 20:40
0%
you must be ___years old to drive hazard materials with a CDL 21
0%
Operator's License (Class D) cannot drive any vehicle weighing more than ___. 26,000 pounds
0%
Change of address ___ days. 30
0%
moped must not be able to go faster than ___ on level ground 30 mph
0%
minimum speed on Interstate 45 mph
0%
park ___ feet from railroad crossing 50
0%
New Residents allowed ___ to obtain NH driver's license. 60 days
0%
possession of controlled drug results in the loss of license from ___ to ___ 60 days; 2 years
0%
maximum speed on Interstate 65 mph
0%
maximum speed on I-93 70 mph
0%
park ___ feet from fire station when across the street 75
0%
circle sign advance notice of a railroad crossing
0%
white sign a law or rule
0%
___ people have right of way blind
0%
no zones blind spots of tractor trailer trucks
0%
flashing yellow caution
0%
yellow light caution, clear the intersection
0%
Safe Speed complete control at all times
0%
green sign direction or guidance
0%
blue sign driver services
0%
must vacate lane for ___ emergency and construction vehicles
0%
yellow sign general warning
0%
red arrow go left or right when it changes to green. Right turn allowed after stop unless posted otherwise
0%
when you mix an exit on Interstate you should ___ go to the next exit
0%
green go when safe
0%
green arrow go when safe in that direction only
0%
tire blowout grip wheel firmly and steer where you want to go, let up on accelerator, do not brake
0%
agree to take alcohol test, loss of license for ___ days for refusal implied consent; 180
0%
you must not ___ the scene of an accident leave
0%
Vehicles on ___ roads are to be given right of way by those on ___ roads major; minor
0%
cross buck sign marks the spot of a railroad crossing
0%
speed limit maximum speed under ideal conditions
0%
pennant sign no passing
0%
stop ___ from vehicle ahead when stopping on a hill one vehicle length
0%
single, white solid line one-way traffic, no passing
0%
single, white broken line one-way traffic, passing allowed
0%
distance vehicle traveled from foot going from gas to brake reaction distance
0%
rectangle sign regulations or guidance
0%
skidding remove foot from accelerator, look and steer where you want to go
0%
orange sign road repair work warning
0%
pentagon sign school zone or school crossing
0%
red light stop before line or crosswalk. Wait for green light. Right turn allowed after complete stop unless posted otherwise
0%
flashing red stop, go when safe
0%
red sign stop or don't do something
0%
when stuck in a storm you should ___ tie a red flag to the door handle
0%
brown sign tourist and recreation guidance
0%
double yellow, solid lines two-way traffic, no passing on either side
0%
one solid, one broken, yellow lines two-way traffic, passing allowed on broken line side only
0%
___ are given right of way vehicles in intersection
0%
diamond sign warning
0%
down pointed triangle sign yield
0%
No matching quizzes found
Score Distribution
Percent of People with Each Score
Percentile by Number Answered
Your Score History
You have not taken this quiz